|
|
|
|
| LEADER |
00000nam0a2200000 4500 |
| 001 |
76726 |
| 005 |
20231031091858.0 |
| 035 |
|
|
|a (RuTPU)RU\TPU\book\82245
|
| 090 |
|
|
|a 76726
|
| 100 |
|
|
|a 20050503d1989 km y0rusy50 ca
|
| 101 |
0 |
|
|a rus
|
| 102 |
|
|
|a RU
|
| 105 |
|
|
|a a z 001zy
|
| 200 |
1 |
|
|a Магнитное поле и природа аномалий на месторождениях золота
|f Л. Я. Ерофеев
|g Томский политехнический институт
|
| 210 |
|
|
|a Томск
|c Изд-во ТГУ
|d 1989
|
| 215 |
|
|
|a 160 с.
|c ил.
|
| 320 |
|
|
|a Библиогр.: с. 148-158.
|
| 610 |
1 |
|
|a золото
|
| 610 |
1 |
|
|a месторождения
|
| 610 |
1 |
|
|a магнитное поле
|
| 610 |
1 |
|
|a аномалии
|
| 610 |
1 |
|
|a связи
|
| 610 |
1 |
|
|a природа
|
| 610 |
1 |
|
|a труды учёных ТПУ
|
| 675 |
|
|
|a 553.411
|v 3
|
| 700 |
|
1 |
|a Ерофеев
|b Л. Я.
|c геолог, геофизик
|c профессор Томского политехнического университета, доктор геолого-минералогических наук
|f 1935-
|g Леонид Яковлевич
|2 stltpush
|3 (RuTPU)RU\TPU\pers\15850
|
| 712 |
0 |
2 |
|a Томский политехнический институт
|2 stltpush
|3 (RuTPU)RU\TPU\col\1123
|
| 801 |
|
1 |
|a RU
|b 63413507
|c 20050503
|g PSBO
|
| 801 |
|
2 |
|a RU
|b 63413507
|c 20150604
|g PSBO
|
| 942 |
|
|
|c BK
|